000 00296nam a2200097Ia 4500
008 230915s9999 xx 000 0 und d
050 _aKNC 486 S.27 2014
100 _aSARKAR, SUDIPTO
245 0 _aLAW OF EVIDENCE: IN INDIA, PAKISTAN, BANGLADESH, BURMA, CEYLON, MALAYSIA & SINGAPORE
942 _cBK
999 _c165662
_d165662